• 首页
  • 本馆介绍
  • 公告通知
  • 最新文献
  • 馆藏检索
  • 电子资源
  • 读者导购
  • 参考咨询
  • 我的图书馆
  • 登录
  • 详细信息显示
  • 放入我的书架
  • 预约/预借图书
  • 作者相关作品
  • 分类相关作品
  • 丛书相关作品
  • 出版社相关作品

书目信息

  • 表格格式
  • 工作单格式
  • 卡片格式
题名:
增殖型海洋牧场技术模式
    
 
作者: ;全国水产技术推广总站组 编
分册:  
出版信息: 北京   中国农业出版社  2021.11
页数: 202页
开本: 26cm
丛书名:
单 册:
中图分类: S953.2
科图分类:
主题词: 渔业--工程
电子资源:
ISBN: 7-109-28956-7
000 00700nam0 2200193 450
001 2360437214
005 20230216164927.41
010    @a7-109-28956-7@dCNY58.00
100    @a20230216d2021 km y0chiy0120 ea
101 0  @achi
102    @aCN@b110000
200 1  @a增殖型海洋牧场技术模式@AZeng Zhi Xing Hai Yang Mu Chang Ji Shu Mo Shi@f全国水产技术推广总站组编@FQuan Guo Shui Chan Ji Shu Tui Guang Zong Zhan Zu Bian
210    @a北京@c中国农业出版社@d2021.11
215    @a202页@d26cm
606 0  @a渔业@x工程
690    @aS953.2@v4
711 02 @a全国水产技术推广总站组@AQuan Guo Shui Chan Ji Shu Tui Guang Zong Zhan Zu@4编
801  0 @aCN@b大连网信软件有限公司图书馆·11@c20230216
905    @aZUCC@dS953.2@e67
    
    增殖型海洋牧场技术模式/全国水产技术推广总站组编.-北京:中国农业出版社,2021.11
    202页;26cm
    
    
    ISBN 7-109-28956-7:CNY58.00
    
●
相关链接 在E读中查询图书 在五车中查询图书 在当当中查询图书 在豆瓣中查询图书


正题名:增殖型海洋牧场技术模式     索取号:S953.2/67         预约/预借

序号 登录号 条形码 馆藏地/架位号 状态 备注
1 1052687   210526876   第二样本阅览室/ [索取号:S953.2/67] 在馆    
唐山师范学院图书馆 欢迎您!
大连网信软件有限公司© 版权所有